Rize (Record no. 2892)

MARC details
000 -BAŞLIK
Sabit Uzunlukta Kontrol Alanı 00696na a2200253 4500
001 - KONTROL NUMARASI
Denetim Alanı 16604
003 - KONTROL NUMARASI IDENTIFIER
Denetim Alanı MIRAKIL
005 - SON İŞLEM TARİHİ VE ZAMANI
Denetim Alanı 20181213154913.0
008 - SABİT-BOY VERİ ELEMANLARI - GENEL BİLGİLER
Sabit Uzunlukta Kontrol Alanı 161014b tu 000 0
020 ## - ULUSLARARASI STANDART KİTAP NUMARASI
Uluslararası Standart Kitap Numarası 9751710111
040 ## - KATALOGLAMA KAYNAK
Orijinal Kataloglama Ajansı Milas
Kataloglama Dili tur
Metne Dönüştürmek Ajansı TR-AnCHP
041 ## - DİL KODU
Metin / Ses Parça Veya Ayrı Başlığın Dil Kodu tur
082 ## - DEWEY ONLU SINIFLANDIRMA NUMARASI
Sınıflandırma Numarası 915.6326
Ürün Numarası K26r 1993
090 ## - SINIFLAMA NUMARASI
Sınıflama Numarası 915.6326 K26r 1993
100 ## - ANA GİRİŞ - KİŞİSEL İSİM
Kişisel Ad Karpuz, Haşim
245 ## - BAŞLIK TABLOSU
Başlık Rize
Sorumluluk Tablosu, Vb Haşim Karpuz
260 ## - YAYIN, DAĞITIM, VB
Yayın, Dağıtım, Vb Yeri Ankara
Yayıncı, Dağıtıcı, Vs Adı Kültür Bakanlığı
Yayın, Dağıtım, Vb Tarihi 1993
300 ## - FİZİKSEL TANIM
Kapsam ix, 182 s.
Diğer Fiziksel Ayrıntıları fotg. ; hrt.
Boyutlar 20 sm.
440 ## - SERİSİ TABLOSU / KATMA GİRİŞİ - BAŞLIK
Başlık Kültür Bakanlığı Yayınları
Hacim / Ardışık Tanımı 1406
490 ## - SERİSİ TABLOSU
Seri Beyanı Tanıtma Eserleri Dizisi
Hacim / Ardışık Tanımı 48
504 ## - KAYNAKÇA VB NOT
Kaynakça Vb Notu Kaynakça var.
651 ## - KONU KATMA GİRİŞ - COĞRAFİ ADI
Coğrafi İsim Rize
Genel Alt Bölümü Tanıtım kitapları
942 ## - EKLENDİ GİRİŞ ELEMANLARI (KOHA)
Sınıflandırma Veya Raf Düzeni Kaynak Dewey Decimal Classification
Koha Öğesi Türü Books
999 ## - SİSTEM KONTROL NUMARALARI (KOHA)
Koha Biblionumber 2892
Koha Biblioitemnumber 2892
Holdings
Kalıcı Konum Mevcut Konum Edinme Tarihi Edinim Kaynak Toplam Check-Out'Lar Tam Çağrı Numarası Barkod Tarih Son Görülme İtibaren Geçerli Fiyatlar Koha Öğesi Türü
CHP Kütüphanesi CHP Kütüphanesi 10/08/2016 Bağış   915.6326 K26r 1993 006638 10/08/2016 10/08/2016 Books